Visual C# toàn tập : Tin học ứng dụng /

में बचाया:
ग्रंथसूची विवरण
मुख्य लेखक: Nguyễn Văn Khoa
अन्य लेखक: Lê Thanh Tuấn, Lữ Đình Thái
स्वरूप: Sách giấy
भाषा:Vietnamese
प्रकाशित: H. : Thống kê, 2004
श्रृंखला:Tin học ứng dụng
विषय:
टैग : टैग जोड़ें
कोई टैग नहीं, इस रिकॉर्ड को टैग करने वाले पहले व्यक्ति बनें!
Thư viện lưu trữ: Thư viện Trường Đại học Đà Lạt
LEADER 01016nam a2200361 4500
001 DLU060051801
005 ##20060316
040 # # |a DLU  |b vie 
041 # # |a vie 
044 # # |a vn 
082 # # |a 005.133  |b NG-K 
100 # # |a Nguyễn Văn Khoa 
245 # # |a Visual C# toàn tập :  |b Tin học ứng dụng /  |c Nguyễn Văn Khoa, Lê Thanh Tuấn, Lữ Đình Thái 
246 # # |a Tự học lập trình Microsoft Visual C# toàn tập 
260 # # |a H. :  |b Thống kê,  |c 2004 
300 # # |a 630 tr. :  |b minh hoạ ;  |c 24 cm 
490 # # |a Tin học ứng dụng 
653 # # |a Lập trình hướng đối tượng 
653 # # |a Ngôn ngữ C 
653 # # |a Ngôn ngữ lập trình 
653 # # |a Tin học ứng dụng 
700 # # |a Lê Thanh Tuấn 
700 # # |a Lữ Đình Thái 
923 # # |a 66/2005 
992 # # |a 95.000 
994 # # |a DLU 
900 # # |a True 
911 # # |a Đào Thị Thu Huyền 
925 # # |a G 
926 # # |a A 
927 # # |a SH 
980 # # |a Thư viện Trường Đại học Đà Lạt